000 01840cam a2200169 4500500
005 20260426010528.0
041 _afre
042 _adc
100 1 0 _aBorm, Jan
_eauthor
245 0 0 _aLe retour contrarié du Dr Frederick Cook ou renaître dans le très Grand Nord
260 _c2005.
500 _a96
520 _aJan Borm* propose ici de relire le récit du voyage contrarié de Frederick Cook (1865-1940) et de ses deux compagnons inuits à leur retour du très Grand Nord. Il s’agit pour Cook d’une expérience régénératrice inspirée par la perception extrasensorielle de ses compagnons. Devoir chasser pour survivre avec des moyens du paléolithique lui fait revivre un état primitif. Son imagination ainsi stimulée le conduit dans une sorte de rêverie sur la prédestination. S’agit-il d’un récit de conversion ou d’un élargissement du champ de vision qui lui permet d’apercevoir la vie bienheureuse, celle des lieux originels de la mémoire dont rêve saint Augustin ?
520 _aJan Borm proposes a new reading of the narrative of the thwarted journey homeward of Frederick Cook (b. 1865, d. 1940) and his two Inuit companions, back from the far North. It is a regenerative experience for Cook inspired by the extrasensory perceptions of his companions. Having to hunt like a Stone Age man to survive, compels him to live in a primitive state. His imagination thus stimulated takes him into some sort of reverie about predestination. Is his narrative the story of a conversion or an enlargement of his vision that allows him to see the blessed life dreamt of by Augustine?
786 0 _nÉtudes théologiques et religieuses | 80 | 3 | 2005-09-01 | p. 397-405 | 0014-2239
856 4 1 _uhttps://shs.cairn.info/revue-etudes-theologiques-et-religieuses-2005-3-page-397?lang=fr&redirect-ssocas=7080
999 _c2222510
_d2222510